Reflexiones sobre mi poesía (Record no. 7310)

MARC details
000 -LEADER
campo de control de longitud fija 01229nam a2200265 i 4500
001 - NÚMERO DE CONTROL
campo de control 7310
003 - IDENTIFICADOR DE NÚMERO DE CONTROL
campo de control ES-MaACL
005 - FECHA Y HORA DE LA ÚLTIMA TRANSACCIÓN
campo de control 20250514194754.0
007 - CAMPO FIJO DE DESCRIPCIÓN FÍSICA--INFORMACIÓN GENERAL
campo de control de longitud fija t|
008 - DATOS DE LONGITUD FIJA--INFORMACIÓN GENERAL
campo de control de longitud fija 901119s1983 sp |||| | spa d
080 ## - NÚMERO DE LA CLASIFICACIÓN DECIMAL UNIVERSAL
Número de la Clasificación Decimal Universal 821.134.2 Jiménez Martos, Luis 1.06
100 1# - ENTRADA PRINCIPAL--NOMBRE DE PERSONA
Nombre de persona Jiménez Martos, Luis,
Fechas asociadas al nombre 1926-2003
9 (RLIN) 66562
245 10 - MENCIÓN DEL TÍTULO
Título Reflexiones sobre mi poesía
Resto del título : conferencia pronunciada en la Escuela Universitaria de Formación del Profesorado de E.G.B. "Santa María" el dia 9 de marzo de 1983 /
Mención de responsabilidad, etc. Luis Jiménez Martos.
260 ## - PUBLICACIÓN, DISTRIBUCIÓN, ETC.
Lugar de publicación, distribución, etc. Madrid :
Nombre del editor, distribuidor, etc. Escuela Universitaria de Formación del Profesorado de E.G.B. "Santa María", Universidad Autónoma,
Fecha de publicación, distribución, etc. 1983.
300 ## - DESCRIPCIÓN FÍSICA
Extensión 32 p. ;
Dimensiones 21 cm.
490 1# - MENCIÓN DE SERIE
Mención de serie Cuaderno de literatura ;
Designación de volumen o secuencia 4
600 14 - PUNTO DE ACCESO ADICIONAL DE MATERIA--NOMBRE DE PERSONA
Nombre de persona Jiménez Martos, Luis,
Fechas asociadas al nombre 1926-2003
9 (RLIN) 66562
710 2# - ENTRADA AGREGADA--NOMBRE DE ENTIDAD CORPORATIVA
Nombre de entidad corporativa o nombre de jurisdicción como elemento de entrada Universidad Autónoma de Madrid.
Unidad subordinada Escuela Universitaria de Formación del Profesorado de E.G.B. "Santa María"
9 (RLIN) 156765
830 0# - PUNTO DE ACCESO ADICIONAL DE SERIE-TÍTULO UNIFORME
Título uniforme Cuaderno de literatura ;
Designación de volumen o secuencia 4
9 (RLIN) 179363
852 ## - LOCALIZACIÓN
Ubicación ES-MaACL
Número de control de estantería 1946-F-3
Nota libre Donacion: Jacinto López Gorgé
itemnumber 7518
852 ## - LOCALIZACIÓN
Ubicación ES-MaACL
Número de control de estantería 2128-F-25/Ej.1
Sublocalización o colección R.106459
itemnumber 87844
903 ## - NOMBRE PERSONAL DE DONANTE
a López Gorgé, Jacinto,
d 1925-2008
e Donante
9 73685
942 ## - ELEMENTOS DE ENTRADA SECUNDARIOS (KOHA)
Fuente del sistema de clasificación o colocación Clasificación decimal universal
Holdings
Estatus retirado Estado de pérdida Fuente del sistema de clasificación o colocación Estado de daño No para préstamo Colección Biblioteca de origen Biblioteca actual Ubicación en estantería Fecha de adquisición Fuente de adquisición Total de préstamos Signatura topográfica completa Código de barras Visto por última vez Precio de reemplazo Tipo de ítem Koha Restricciones de uso
    Clasificación decimal universal     Colección de folletos Biblioteca del Ateneo de Madrid Biblioteca del Ateneo de Madrid Depósito folletos 17/01/2008 Donación   1946-F-3 1007456 23/02/2023 23/02/2023 Folleto  
    Clasificación decimal universal     Colección de folletos Biblioteca del Ateneo de Madrid Biblioteca del Ateneo de Madrid Depósito folletos 17/01/2008     2128-F-25/Ej.1 1088547 23/02/2023 23/02/2023 Folleto Duplicado